000 00485nam a2200181Ia 4500
003 GCL
008 140319s9999 xx 000 0 eng d
040 _aGCL /
_cGCL
082 0 4 _a690
_bL C
100 1 _aLEGER, EUGENE
245 1 0 _aCOMPLETE BUILDING CONSTRUCTION /
_cLEGER, EUGENE
260 _a[S.N] :
_bMACMILIAN PUBLISHING COMPANY
650 0 4 _aالتحليل الرياضى
650 0 4 _aCIVIL ENGINEERING
650 0 4 _aCONSTRUCTION
650 0 4 _aBUILDING
942 _2ddc
_cBK
999 _c19765
_d19765